000 00901nam a2200301Ia 4500
001 6276
003 IT-RoPAU
008 130308s9999 xx 000 0 und d
040 _aIT-RoPAU
040 _cIT-RoPAU
041 _aITALIANO
100 _aTomasevskij Boris
100 _gCodice Aut. SPICS: 699
245 _aCostruzione dell'intreccio (La)
245 _bFormalisti russi (I)-Teoria della letteratura e Metodo Critico
250 _a1a ed.
260 _aTORINO
260 _bEinaudi
260 _c1982 [1° Ed.:1968 - Ed.Ling.Originale:1925]
300 _a"46 p. (prefazione: no ; testo: 46 [pagine: 305-350])"
500 _aScelta del Tema Fabula e Intreccio motivazione Eroe Vita dei Procedimenti Generi Letterari
650 _aSTORIA UNIVERSALE DELLE ARTI VISIVE
650 _eCodice materia Spics: 5009
942 _cBK
957 _71
999 _c47295
_d47295
999 _bSI
999 _g1